00473nam a2200145Ia 4500008004100000020001600041050002100057245012300078260003100201300001100232650002000243700001900263980003000282999001500312151021s9999 xx 000 0 und d a996690980x  aBF 637.O52 2009  a_How to become wise A collection of Quotes, sayings and Proverbs for Teaching, Preaching and Counselling Omole Joseph  aNairobi Scangraphics 2008  a148p.  a_Becoming wise  a_Omole Daniel  a^d20110308 03:59:38^oanne c6549d6549